000
00290nam a22001097a 4500
005
20171028120004.0
008
171028b xxu||||| |||| 00| 0 eng d
022
_a
2321-3213
245
_a
Rai Technology Research & Innovation
260
_a
Ranchi
_b
Jharkhand Rai University
_c
2017
942
_c
JRL
999
_c
5639
_d
5637